Catálogo público

Metodología de evaluación económica en proyectos para la instalación de plantas productoras de fertilizantes. (Estudio de caso: (Record no. 171378)

MARC details
000 -CABECERA
campo de control de longitud fija 03572nam a2200397 a 4500
001 - NÚMERO DE CONTROL
campo de control dia_828
003 - IDENTIFICADOR DEL NÚMERO DE CONTROL
campo de control CHAP
005 - FECHA Y HORA DE LA ÚLTIMA TRANSACCIÓN
campo de control 20251202103010.0
007 - CAMPO FIJO DE DESCRIPCIÓN FÍSICA--INFORMACIÓN GENERAL
campo de control de longitud fija ta
008 - DATOS DE LONGITUD FIJA--INFORMACIÓN GENERAL
campo de control de longitud fija 220117s1984 mx ad frm 001 0 spa d
010 ## - NÚMERO DE CONTROL DE LA BIBLIOTECA DEL CONGRESO
Número de control de LC 171378
040 ## - FUENTE DE LA CATALOGACIÓN
Centro catalogador/agencia de origen mxchpua
Centro/agencia transcriptor CHAP
041 0# - CÓDIGO DE LENGUA
Código de lengua del texto/banda sonora o título independiente spa
090 ## - LOCALMENTE ASIGNADO TIPO-LC NÚMERO DE CLASIFICACIÓN (OCLC); NÚMERO DE CLASIFICACIÓN LOCAL (RLIN)
Número de clasificación (OCLC) (R) ; Numero de clasificación, CALL (RLIN) (NR) Tesis
Número cutter local (OCLC) ; Número de libro/Signatura topográfica íntegra, CALL (RLIN) S262
año 1984
100 1# - ENTRADA PRINCIPAL--NOMBRE DE PERSONA
Nombre de persona Santoyo Cortés, Vinicio Horacio
245 10 - MENCIÓN DE TÍTULO
Título Metodología de evaluación económica en proyectos para la instalación de plantas productoras de fertilizantes. (Estudio de caso:
Resto del título el complejo industrial productor de fertilizantes de Lázaro Cárdenas estado de Michoacán, México) /
Mención de responsabilidad, etc. Vinicio Horacio Santoyo Cortes
264 ## - PRODUCCIÓN, PUBLICACIÓN, DISTRIBUCIÓN, FABRICACIÓN Y COPYRIGHT
Producción, publicación, distribución, fabricación y copyright Chapingo, México :
Nombre del de productor, editor, distribuidor, fabricante El autor,
Fecha de producción, publicación, distribución, fabricación o copyright 1984
300 ## - DESCRIPCIÓN FÍSICA
Extensión 129 páginas :
Otras características físicas ilustraciones, tablas, gráficas
336 ## - TIPO DE CONTENIDO
Fuente rdacontent
Término de tipo de contenido texto
Código de tipo de contenido txt
337 ## - TIPO DE MEDIO
Fuente rdamedia
Nombre/término del tipo de medio no mediado
Código del tipo de medio n
338 ## - TIPO DE SOPORTE
Fuente rdacarrier
Nombre/término del tipo de soporte volumen
Código del tipo de soporte nc
502 ## - NOTA DE TESIS
Nota de tesis Tesis
Tipo de título (Maestro en Ciencias, Especialista en Economía Agrícola) --
Nombre de la institución que otorga el título Colegio de Postgraduados. Institución de Enseñanza e Investigación en Ciencias Agrícolas,
Año de obtención del título 1984
504 ## - NOTA DE BIBLIOGRAFÍA, ETC.
Nota de bibliografía, etc. Bibliografía: páginas 115-117
520 3# - SUMARIO, ETC.
Sumario, etc. Actualmente existe una incapacidad del sector agropecuario para satisfacer la demanda nacional de productos básicos, hecho que se manifiesta en un incremento substancial del volumen de importaciones de estos productos*. Esta insuficiencia de la producción nacional, es el resultado de la disminución del ritmo de crecimiento del producto inter no bruto (PIB) del sector agrícola y de la dinámica expansión de la demanda que se debió fundamentalmente a los aumentos de la poblaci6n y del ingreso real durante la última década. Ahora bien, considerando a la superficie cultivada y a los rendimientos por unidad productora como los determinantes de la producci6n agrícola, podemos afirmar que el incremento de cualquiera de 'estos' dos “componentes vendrá a reducir la magnitud de la demanda insatisfecha por, la producción nacional. El primero ‘de dichos componentes de acuerdo al suelo disponible, topógrafa y precipitaci6n pluvial, tiene un límite bien' definido dentro de los sistemas tecnológicos actuales, mientras que el segundo factor por estar íntimamente ligado a la inversi6n y a la tecnología tiene. un desarrollo más amplio (24). Aunque son muchos los factores que intervienen en el proceso de mejoramiento de los rendimientos, el uso de los fertilizantes es uno de los que contribuyen en mayor medida al aumento de la productividad por hectárea y por hombre ocupado (20), Si bien este efecto está relacionado con el hecho de que la aplicaci6n de fertilizantes va generalmente asociada con el uso de otros insumos importantes (semillas mejoradas, riego, maquinaria agrícola, etc.,),"puede considerársele no s6lo como uno de los indicadores más importantes para medir el progreso tecnol6gico de la agricultura, sino una verdadera punta de lanza para lograr dicho progreso"(20) y esta es una de las razones fundamentales de la importancia de su producci6n en un país como el nuestro.
650 13 - PUNTO DE ACCESO ADICIONAL DE MATERIA--TÉRMINO DE MATERIA
Término de materia o nombre geográfico como elemento de entrada Fertilizantes
Fuente del encabezamiento o término atg
650 13 - PUNTO DE ACCESO ADICIONAL DE MATERIA--TÉRMINO DE MATERIA
Término de materia o nombre geográfico como elemento de entrada Industria de los fertilizantes
Subdivisión geográfica México
Fuente del encabezamiento o término atg
650 13 - PUNTO DE ACCESO ADICIONAL DE MATERIA--TÉRMINO DE MATERIA
Término de materia o nombre geográfico como elemento de entrada Fertilizers
Fuente del encabezamiento o término atg
650 13 - PUNTO DE ACCESO ADICIONAL DE MATERIA--TÉRMINO DE MATERIA
Término de materia o nombre geográfico como elemento de entrada Fertilizer industry
Subdivisión geográfica Mexico
Fuente del encabezamiento o término atg
700 1# - PUNTO DE ACCESO ADICIONAL--NOMBRE DE PERSONA
Nombre de persona Villa Issa, Manuel Rafael
Término indicativo de función/relación director
700 1# - PUNTO DE ACCESO ADICIONAL--NOMBRE DE PERSONA
Nombre de persona Badillo Navarrete, Ernesto
Término indicativo de función/relación asesor
700 1# - PUNTO DE ACCESO ADICIONAL--NOMBRE DE PERSONA
Nombre de persona Nieto Baltazar, José María
Término indicativo de función/relación asesor
901 ## - ELEMENTOS DE DATOS A LOCAL LDA (RLIN)
a TESIS S262 1984
942 ## - ELEMENTOS DE PUNTO DE ACCESO ADICIONAL (KOHA)
Tipo de ítem Koha TESIS
Fuente del sistema de clasificación o colocación Clasificación Universidad Autónoma Chapingo
902 ## - ELEMENTOS DE DATOS B LOCAL, LDB (RLIN)
a M
905 ## - ELEMENTOS DE DATOS E LOCAL, LDE (RLIN)
a 0000001984 mx 0000000000spa00
Holdings
Estado de retiro Estado de pérdida Fuente del sistema de clasificación o colocación Estado dañado Restricciones de uso No para préstamo Código de colección Localización permanente Ubicación/localización actual Fecha de adquisición Fuente de adquisición Total de préstamos Signatura topográfica completa Código de barras Fecha visto por última vez Número de copia Precio válido a partir de Tipo de ítem Koha
    Clasificación Universidad Autónoma de Chapingo   Préstamo interno   Tesis Ingenieria Agroindustrial Ingenieria Agroindustrial 02/12/2025 El autor   Tesis S262 1984 1101016255 02/02/2026 Ej.1 02/12/2025 Tesis
    Clasificación Universidad Autónoma de Chapingo   Préstamo 5 días   Tesis Ingenieria Agroindustrial Ingenieria Agroindustrial 02/12/2025 El autor   Tesis S262 1984 1101016256 02/02/2026 Ej.2 02/12/2025 Tesis